MARC details
| 000 -CABECERA |
| campo de control de longitud fija |
01412nam a2200313 a 4500 |
| 001 - NÚMERO DE CONTROL |
| campo de control |
000047848 |
| 003 - IDENTIFICADOR DEL NÚMERO DE CONTROL |
| campo de control |
OSt |
| 005 - FECHA Y HORA DE LA ÚLTIMA TRANSACCIÓN |
| campo de control |
20220824090841.0 |
| 007 - CAMPO FIJO DE DESCRIPCIÓN FÍSICA--INFORMACIÓN GENERAL |
| campo de control de longitud fija |
ta |
| 008 - DATOS DE LONGITUD FIJA--INFORMACIÓN GENERAL |
| campo de control de longitud fija |
180830e2016 dr ad eri 001 0 spa d |
| 020 ## - NÚMERO INTERNACIONAL ESTÁNDAR DEL LIBRO |
| Número Internacional Estándar del Libro |
9789945895889 |
| 040 ## - FUENTE DE LA CATALOGACIÓN |
| Centro catalogador/agencia de origen |
DO-SdBNP |
| Lengua de catalogación |
spa |
| Centro/agencia transcriptor |
BNPHU |
| 041 ## - CÓDIGO DE LENGUA |
| Código de lengua original |
spa |
| 082 #4 - NÚMERO DE LA CLASIFICACIÓN DECIMAL DEWEY |
| Número de clasificación |
361.61 |
| Número de documento/Ítem |
V145p |
| Número de edición |
22 |
| 100 1# - ENTRADA PRINCIPAL--NOMBRE DE PERSONA |
| Nombre de persona |
Valdéz Ramírez, Julia A. |
| 9 (RLIN) |
75411 |
| 245 10 - MENCIÓN DE TÍTULO |
| Título |
Política social dominicana : |
| Resto del título |
contextos, instituciones e inversiones desde sus inicios hasta 2012 / |
| Mención de responsabilidad, etc. |
Julián A. Valdés Ramírez. |
| 260 ## - PUBLICACIÓN, DISTRIBUCIÓN, ETC. |
| Lugar de publicación, distribución, etc. |
Santo Domingo : |
| Nombre del editor, distribuidor, etc. |
Cuesta Veliz, |
| Fecha de publicación, distribución, etc. |
2016. |
| 300 ## - DESCRIPCIÓN FÍSICA |
| Extensión |
355 p. , |
| Otras características físicas |
il. gráficas ; |
| Dimensiones |
26 cm. |
| 500 ## - NOTA GENERAL |
| Nota general |
Incluye datos biográficos del autor en la solapa de la cubierta |
| 504 ## - NOTA DE BIBLIOGRAFÍA, ETC. |
| Nota de bibliografía, etc. |
Bibliografía p. 341-355 |
| 505 0# - NOTA DE CONTENIDO CON FORMATO |
| Nota de contenido con formato |
Estado, ciudadanía y política social -- |
| Título |
Los orígenes de la política social dominicana -- |
| -- |
Política social como meciación capital-trabajo -- |
| -- |
Polítca social contrainsurgente -- |
| -- |
Fallida demostración del bienestar -- |
| -- |
La transición (o política social a la deriva ) -- |
| -- |
Subsidiarismo truncado. |
| 590 ## - NOTA LOCAL (RLIN) |
| Nota local |
Inventariado, 2018/VM |
| 590 ## - NOTA LOCAL (RLIN) |
| Nota local |
La biblioteca posee 1 ejemplar autografiado por el autor |
| 651 #4 - PUNTO DE ACCESO ADICIONAL DE MATERIA--NOMBRE GEOGRÁFICO |
| Nombre geográfico |
República Dominicana |
| Subdivisión general |
Política Social |
| -- |
Historia |
| 9 (RLIN) |
75412 |
| 651 #4 - PUNTO DE ACCESO ADICIONAL DE MATERIA--NOMBRE GEOGRÁFICO |
| Nombre geográfico |
República Dominicana |
| Subdivisión general |
Condiciones Sociales |
| 9 (RLIN) |
46 |
| 651 #4 - PUNTO DE ACCESO ADICIONAL DE MATERIA--NOMBRE GEOGRÁFICO |
| Nombre geográfico |
América Latina |
| Subdivisión general |
Condiciones Sociales |
| 9 (RLIN) |
5034 |
| 910 ## - DATOS DE OPCIÓN DEL USUARIO (OCLC) |
| Datos de opción del usuario |
VMateo / |
| 942 ## - ELEMENTOS DE PUNTO DE ACCESO ADICIONAL (KOHA) |
| Fuente del sistema de clasificación o colocación |
Dewey Decimal Classification |
| Tipo de ítem Koha |
Libro |